Statistics for Top 20 Sunderland Goalscorers in the Premier League

Click here to take the quiz!

General Stats

  • This quiz has been taken 19 times
  • The average score is 11 of 20

Answer Stats

NPlayerNationalityGoals% Correct
1Kevin PhillipsEnglish61
100%
3Niall QuinnIrish29
88%
14Asamoah GyanGhanaian10
81%
6Darren BentEnglish24
81%
2Jermain DefoeEnglish34
81%
4Kenwyne JonesTrinidad26
81%
5Adam JohnsonEnglish19
75%
9Fabio BoriniItalian14
75%
11Sebastian LarssonSwedish12
75%
7Steven FletcherScottish23
75%
8Stephane SessegnonBeninese17
63%
12Connor WickhamEnglish11
38%
12Craig GardnerEnglish11
38%
16Kevin KilbaneIrish8
38%
16Nicklas BendtnerDanish8
38%
14Djibril CisséFrench10
31%
9Kieran RichardsonEnglish14
25%
16Michael ChopraEnglish8
25%
16Gavin McCannEnglish8
19%
16Don HutchinsonScotland8
0%

Score Distribution

Percentile by Number Answered

Percent of People with Each Score

Your Score History

You have not taken this quiz